00703cam a22002177a 4500003000500000005001700005008004100022010001000063011001000073035001000083040000900093082001800102100002000120245011200140260006000252300001900312490005800331650001900389700001900408830005800427CHAP20220329134043.0971013s1965 r 00010 d a14716 a15688 a19764 cCHAP a584.90973bG600aGould, Frank W. 0aGrasses of the Texas Coastal Bend (Calhoun, Refugio, Aransas, San Patricio, and northern Kleberg countries) aCollege Station, Tex., :bTexas A & M University,c1965 a186 p.b: ilus 0aWelder Wildlife Foundation. Contribution 34, series C14aPastosxE.U.A.0 aBox, Thadis W.0 aWelder Wildlife Foundation. Contribution 34, series C